Bourdieu o el caballo de Troya del estructuralismo/
Wedi'i Gadw mewn:
| Prif Awdur: | |
|---|---|
| Fformat: | Llyfr |
| Iaith: | Spanish |
| Tagiau: |
Ychwanegu Tag
Dim Tagiau, Byddwch y cyntaf i dagio'r cofnod hwn!
|
MARC
| LEADER | 00000nam a22000007a 4500 | ||
|---|---|---|---|
| 003 | cru CIDCACS/IIS | ||
| 005 | 20180216154303.0 | ||
| 007 | ta | ||
| 008 | 180216s2006 sp |||||r||||||0| ||spa|d | ||
| 999 | |c 41026 |d 41026 | ||
| 040 | |c cru CIDCACS/IIS | ||
| 100 | 1 | |9 6666 |a Marqués Perales, Ildefonso | |
| 245 | 1 | |a Bourdieu o el caballo de Troya del estructuralismo/ |c Ildefonso Marqués Perales | |
| 300 | |a páginas 69-100 | ||
| 773 | 0 | |0 40983 |9 1802 |a Centro de Investigaciones Sociológicas (España) |d Madrid, España: CIS, |o 18472 |t REIS: |x 02105233 | |
| 942 | |2 ddc |c PP | ||
